| 000 | 00420nam a2200181Ia 4500 | ||
|---|---|---|---|
| 001 | 2926 | ||
| 005 | 20260306144843.0 | ||
| 008 | 260306t2008||||xx |||||||||||||| ||spa|| | ||
| 041 | _aESP | ||
| 082 |
_a234 _bD97 |
||
| 100 |
_aDuns Escoto, Juan [1266-1308] _eAUT |
||
| 245 | 0 | _aJesucristo y Maria | |
| 260 | _c2008 | ||
| 300 |
_a346 páginas : _c20 cm. |
||
| 650 | _aGEN | ||
| 654 | _aCHU | ||
| 942 |
_cLIB _dJUS _fJUS _2ddc _n |
||
| 999 |
_c2926 _d2926 |
||